000 00813nam a22002057a 4500
999 _c59681
_d59681
005 20230331155130.0
008 230331s2011 enk||||| |||| 00| 0 eng d
020 _a9781412987196x
041 _aeng
080 _a364 D-69
100 _aDoel, Mark
_917295
245 _aContemporary Field Social Work:
_bIntegrating Field and Classroom Experience,
_c Mark Doel, Steven M. Shardlow, Paul G. Johnson.
264 _aLos Angeles :
_bSAGE,
_c2011.
300 _a312 p.;
_b23 cm.
653 _aსოციალური სამსახურის თანამედროვე სფერო
653 _aსაკლასო გამოცდილება
700 _aShardlow, Steven M.
_eავტორი
_917375
700 _aJohnson, Paul G.
_eავტორი
_917408
942 _2udc
_cBK